[Event "Open Marianske Lazne 2015 - C - open"]
[Site "Marianske Lazne CZE"]
[Date "2015.01.18"]
[Round "2.13"]
[White "Lukasiewicz, Anna"]
[Black "Horyna, Josef"]
[Result "1-0"]
[WhiteElo "2102"]
[BlackElo "1866"]
[PlyCount "71"]
[EventDate "2015.01.17"]
[EventType "swiss"]
[EventRounds "9"]
[EventCountry "CZE"]
[Source "lmi"]
[SourceDate "2015.01.17"]

1. e4 e6 2. d4 d5 3. Nd2 Nf6 4. Bd3 dxe4 5. Nxe4 Nxe4 6. Bxe4 Nd7 7. Nf3 Nf6 8.
Bd3 Bd6 9. O-O O-O 10. Bg5 c5 11. dxc5 Bxc5 12. Qe2 Be7 13. c3 Qc7 14. Rad1 Re8
15. Bb1 g6 16. Ne5 Nd5 17. Bxe7 Qxe7 18. Rfe1 Nf6 19. Qf3 Kg7 20. h3 a5 21. Rd4
Ra6 22. Qd1 b5 23. Qd2 Rb6 24. a3 Qc7 25. Rh4 Ng8 26. Qf4 Qe7 27. Nxf7 Rf8 28.
Qd4+ Qf6 29. Qxf6+ Nxf6 30. Ne5 Rd6 31. Nf3 h6 32. Rd4 Rfd8 33. Ba2 Rxd4 34.
Nxd4 b4 35. axb4 axb4 36. Nxe6+ 1-0

[Event "Open Marianske Lazne 2015 - C - open"]
[Site "Marianske Lazne CZE"]
[Date "2015.01.18"]
[Round "2.14"]
[White "Dwilewicz, Katarzyna"]
[Black "Moncayo Romero, Evelyn"]
[Result "0-1"]
[WhiteElo "1868"]
[BlackElo "2101"]
[PlyCount "62"]
[EventDate "2015.01.17"]
[EventType "swiss"]
[EventRounds "9"]
[EventCountry "CZE"]
[Source "lmi"]
[SourceDate "2015.01.17"]

1. e4 c5 2. Nf3 d6 3. d4 cxd4 4. Nxd4 Nf6 5. Nc3 a6 6. h3 e5 7. Nde2 b5 8. g4
Bb7 9. Bg2 h6 10. Ng3 b4 11. Nd5 Nxd5 12. exd5 Nd7 13. O-O g6 14. Bd2 a5 15. a3
Nb6 16. axb4 axb4 17. Qe2 Rb8 18. Qb5+ Nd7 19. Ne4 Bc8 20. Qa4 f5 21. gxf5 gxf5
22. Ng3 f4 23. Ne4 Rg8 24. Kh2 Qh4 25. f3 Kf7 26. Rg1 Nc5 27. Nxc5 Qg3+ 28. Kh1
Bxh3 29. Qa7+ Be7 30. Qxe7+ Kxe7 31. Ra7+ Ke8 0-1

[Event "Open Marianske Lazne 2015 - C - open"]
[Site "Marianske Lazne CZE"]
[Date "2015.01.18"]
[Round "2.15"]
[White "Allory, Pierre-Jean"]
[Black "Lukasiewicz, Krzysztof"]
[Result "0-1"]
[WhiteElo "1848"]
[BlackElo "2051"]
[PlyCount "25"]
[EventDate "2015.01.17"]
[EventType "swiss"]
[EventRounds "9"]
[EventCountry "CZE"]
[Source "lmi"]
[SourceDate "2015.01.17"]

1. e4 e5 2. Nf3 Nc6 3. Bc4 Bc5 4. c3 Nf6 5. d4 exd4 6. cxd4 Bb4+ 7. Bd2 Nxe4 8.
Bxb4 Nxb4 9. Bxf7+ Kxf7 10. Qb3+ d5 11. Ne5+ Kg8 12. Qxb4 Qg5 13. Nc3 0-1

[Event "Open Marianske Lazne 2015 - C - open"]
[Site "Marianske Lazne CZE"]
[Date "2015.01.18"]
[Round "2.16"]
[White "Luczak, Filip"]
[Black "Bardin, Christian"]
[Result "1/2-1/2"]
[WhiteElo "1535"]
[BlackElo "1676"]
[PlyCount "53"]
[EventDate "2015.01.17"]
[EventType "swiss"]
[EventRounds "9"]
[EventCountry "CZE"]
[Source "lmi"]
[SourceDate "2015.01.17"]

1. d4 Nf6 2. Nf3 g6 3. c4 Bg7 4. Nc3 d5 5. cxd5 Nxd5 6. e4 Nxc3 7. bxc3 O-O 8.
Bd3 c5 9. Bb2 cxd4 10. cxd4 Nc6 11. e5 Bg4 12. Be4 Qa5+ 13. Qd2 Qxd2+ 14. Nxd2
Rac8 15. f3 Bd7 16. O-O Rfd8 17. Nb3 b6 18. Rac1 f5 19. Bd5+ e6 20. Bc4 Ne7 21.
Ba3 Nd5 22. Bxd5 exd5 23. Rfe1 Rxc1 24. Bxc1 Kf7 25. Ba3 Rc8 26. Re2 Ke6 27. g3
1/2-1/2

[Event "Open Marianske Lazne 2015 - C - open"]
[Site "Marianske Lazne CZE"]
[Date "2015.01.18"]
[Round "2.17"]
[White "Volodin, Viktor"]
[Black "Lotz, Kolja Alecsander"]
[Result "1-0"]
[WhiteElo "2186"]
[BlackElo "1603"]
[PlyCount "49"]
[EventDate "2015.01.17"]
[EventType "swiss"]
[EventRounds "9"]
[EventCountry "CZE"]
[Source "lmi"]
[SourceDate "2015.01.17"]

1. Nf3 Nf6 2. c4 e6 3. g3 b6 4. Bg2 Bb7 5. O-O c5 6. Nc3 Nc6 7. e3 Be7 8. b3
O-O 9. Bb2 d5 10. d4 Rc8 11. cxd5 Nxd5 12. dxc5 Nxc3 13. Bxc3 Bxc5 14. Qe2 Qe7
15. Nd2 Rfd8 16. Ne4 Bb4 17. Bb2 Ba3 18. Bxa3 Qxa3 19. Qh5 Qe7 20. h4 h6 21. g4
Nb4 22. g5 Bxe4 23. Bxe4 Rc5 24. a3 Re5 25. Bh7+ 1-0

[Event "Open Marianske Lazne 2015 - C - open"]
[Site "Marianske Lazne CZE"]
[Date "2015.01.18"]
[Round "2.18"]
[White "Mc Aleenan, Charles"]
[Black "Schoebel, Thomas"]
[Result "1-0"]
[WhiteElo "1795"]
[BlackElo "1462"]
[PlyCount "55"]
[EventDate "2015.01.17"]
[EventType "swiss"]
[EventRounds "9"]
[EventCountry "CZE"]
[Source "lmi"]
[SourceDate "2015.01.17"]

1. d4 d5 2. Bf4 Bf5 3. c4 dxc4 4. Qa4+ Nc6 5. e3 Bd3 6. Bxd3 cxd3 7. Nf3 f6 8.
O-O g5 9. Bg3 Qd7 10. Nc3 a6 11. Rfd1 h5 12. b4 h4 13. d5 hxg3 14. dxc6 gxh2+
15. Nxh2 bxc6 16. Ne4 e6 17. Ng4 Kf7 18. Nxg5+ fxg5 19. Ne5+ Ke8 20. Nxd7 Bd6
21. Qxc6 Bh2+ 22. Kf1 Be5 23. Nxe5+ Kf8 24. Qxa8+ Kg7 25. Nxd3 Nf6 26. Qc6 Kg6
27. Qxe6 Re8 28. Ne5+ 1-0

[Event "Open Marianske Lazne 2015 - C - open"]
[Site "Marianske Lazne CZE"]
[Date "2015.01.18"]
[Round "2.19"]
[White "Korolewicz, Pawel"]
[Black "Von Keyserlingk, Chanda"]
[Result "1-0"]
[WhiteElo "1388"]
[BlackElo "1779"]
[PlyCount "39"]
[EventDate "2015.01.17"]
[EventType "swiss"]
[EventRounds "9"]
[EventCountry "CZE"]
[Source "lmi"]
[SourceDate "2015.01.17"]

1. e4 c5 2. Nf3 d6 3. d4 cxd4 4. Nxd4 Nf6 5. Nc3 g6 6. Be3 Bg7 7. Qd2 Ng4 8.
Bc4 Nxe3 9. Qxe3 O-O 10. h4 Qb6 11. O-O-O Nc6 12. Nd5 Bd7 13. h5 Ne5 14. Bb3 a5
15. hxg6 a4 16. gxf7+ Kh8 17. Rxh7+ Kxh7 18. Rh1+ Kg6 19. Nf4+ Kf6 20. Nd5+ 1-0

[Event "Open Marianske Lazne 2015 - C - open"]
[Site "Marianske Lazne CZE"]
[Date "2015.01.18"]
[Round "2.20"]
[White "Ruzicka, Tomas"]
[Black "Kraszewski, Grzegorz"]
[Result "1-0"]
[WhiteElo "1764"]
[BlackElo "1312"]
[PlyCount "55"]
[EventDate "2015.01.17"]
[EventType "swiss"]
[EventRounds "9"]
[EventCountry "CZE"]
[Source "lmi"]
[SourceDate "2015.01.17"]

1. e4 c5 2. f4 Nc6 3. Nf3 d6 4. Bb5 Bd7 5. O-O a6 6. Bxc6 Bxc6 7. d3 g6 8. c3
Bg7 9. Be3 e6 10. Nbd2 Ne7 11. Qe2 O-O 12. e5 dxe5 13. fxe5 b6 14. Nc4 Bb5 15.
Nd6 Nc6 16. a4 Bxe5 17. axb5 Na5 18. Nxe5 Qxd6 19. Bh6 axb5 20. Bxf8 Rxf8 21.
Rf2 c4 22. d4 Nb3 23. Ra7 Nc1 24. Qf1 Nd3 25. Rfxf7 Nxb2 26. Rg7+ Kh8 27. Rxh7+
Kg8 28. Rag7# 1-0

[Event "Open Marianske Lazne 2015 - C - open"]
[Site "Marianske Lazne CZE"]
[Date "2015.01.18"]
[Round "2.21"]
[White "Szewc, Dobromila"]
[Black "Czernek, Tymon"]
[Result "0-1"]
[WhiteElo "1013"]
[BlackElo "1695"]
[PlyCount "74"]
[EventDate "2015.01.17"]
[EventType "swiss"]
[EventRounds "9"]
[EventCountry "CZE"]
[Source "lmi"]
[SourceDate "2015.01.17"]

1. e4 c6 2. d4 d5 3. exd5 cxd5 4. c4 e6 5. Nc3 Nf6 6. Nf3 Nc6 7. Bg5 Bb4 8. Qc2
O-O 9. Bd3 h6 10. Bh4 dxc4 11. Bxc4 Nxd4 12. Nxd4 Qxd4 13. Bxf6 Qxc4 14. Be5
Rd8 15. Rd1 Bd7 16. a3 Ba4 17. Qxa4 Bxc3+ 18. Bxc3 Qxa4 19. Rxd8+ Rxd8 20. O-O
Rd1 21. g3 Rxf1+ 22. Kxf1 a5 23. Kg2 b5 24. h4 b4 25. axb4 axb4 26. Bd4 Qb3 27.
Be5 Qd5+ 28. Kh2 Qxe5 29. Kg2 Qxb2 30. h5 e5 31. g4 g5 32. hxg6 fxg6 33. g5 h5
34. Kg3 h4+ 35. Kxh4 Qc3 36. f4 exf4 37. Kg4 Qg3# 0-1

[Event "Open Marianske Lazne 2015 - C - open"]
[Site "Marianske Lazne CZE"]
[Date "2015.01.19"]
[Round "3.1"]
[White "Ivanov, Mikhail M"]
[Black "Lukasiewicz, Anna"]
[Result "1-0"]
[WhiteElo "2394"]
[BlackElo "2102"]
[PlyCount "85"]
[EventDate "2015.01.17"]
[EventType "swiss"]
[EventRounds "9"]
[EventCountry "CZE"]
[Source "lmi"]
[SourceDate "2015.01.17"]

1. c4 Nf6 2. Nc3 c5 3. Nf3 Nc6 4. g3 g6 5. Bg2 Bg7 6. d4 cxd4 7. Nxd4 O-O 8.
O-O Nxd4 9. Qxd4 d6 10. Qd3 Bf5 11. e4 Be6 12. Bd2 Nd7 13. b3 Nc5 14. Qe2 Rc8
15. Rac1 Qd7 16. Rfd1 Bg4 17. f3 Be6 18. Be3 b6 19. Nd5 Bxd5 20. exd5 a5 21. h4
e5 22. dxe6 Qxe6 23. Qd2 a4 24. b4 Nd7 25. f4 Nf6 26. Qd3 Rfe8 27. Bxb6 d5 28.
c5 Ne4 29. Qf3 f5 30. Bf1 Re7 31. a3 Kh8 32. b5 Rb7 33. Kh2 Bf8 34. Qe3 Bg7 35.
c6 Rxb6 36. Qxb6 d4 37. Rxd4 Qa2+ 38. Bg2 Qxa3 39. Rd8+ Rxd8 40. Qxd8+ Bf8 41.
Bxe4 fxe4 42. c7 Qb2+ 43. Kh3 1-0

[Event "Open Marianske Lazne 2015 - C - open"]
[Site "Marianske Lazne CZE"]
[Date "2015.01.19"]
[Round "3.2"]
[White "Moncayo Romero, Evelyn"]
[Black "Kolbus, Dietmar"]
[Result "1-0"]
[WhiteElo "2101"]
[BlackElo "2319"]
[PlyCount "139"]
[EventDate "2015.01.17"]
[EventType "swiss"]
[EventRounds "9"]
[EventCountry "CZE"]
[Source "lmi"]
[SourceDate "2015.01.17"]

1. e4 g6 2. d4 Bg7 3. Nc3 c6 4. Bc4 d6 5. Nf3 e6 6. O-O d5 7. Bb3 Nf6 8. e5
Nfd7 9. Bg5 f6 10. exf6 Nxf6 11. Re1 O-O 12. Qd2 Na6 13. Nd1 Qe8 14. Bh6 Ne4
15. Qc1 Qd8 16. c3 Nc7 17. Bc2 Nd6 18. Ne5 Nf5 19. Bxg7 Kxg7 20. Ne3 Ne8 21.
N3g4 Ned6 22. b3 Nf7 23. Nxf7 Rxf7 24. Re2 Rf8 25. Qf4 Qd6 26. Re5 Bd7 27. Qg5
Rae8 28. Rae1 Qe7 29. Rxf5 Rxf5 30. Qh6+ Kh8 31. Bxf5 gxf5 32. Ne5 Rg8 33. Nxd7
Qxd7 34. Qf6+ Qg7 35. Rxe6 Qxf6 36. Rxf6 Re8 37. Kf1 Kg7 38. Rxf5 Re7 39. Re5
Rd7 40. f4 Kf7 41. Ke2 a5 42. a4 Rd8 43. Kd3 Rg8 44. g3 Rd8 45. c4 Rd6 46. c5
Rh6 47. Re2 Rg6 48. Kc3 Rg8 49. b4 axb4+ 50. Kxb4 Ra8 51. a5 Kf6 52. g4 h6 53.
Re5 Rb8 54. Re3 Rg8 55. h3 Ra8 56. Ka4 Rc8 57. Rb3 Rc7 58. a6 bxa6 59. Rb6 Rc8
60. Ka5 h5 61. Kxa6 Ra8+ 62. Kb7 Ra4 63. Kxc6 Rxd4 64. Kd7+ Kf7 65. c6 hxg4 66.
c7 Rc4 67. hxg4 d4 68. Rc6 Rxc6 69. Kxc6 d3 70. c8=Q 1-0

[Event "Open Marianske Lazne 2015 - C - open"]
[Site "Marianske Lazne CZE"]
[Date "2015.01.19"]
[Round "3.3"]
[White "Lukasiewicz, Krzysztof"]
[Black "Stigar, Petter"]
[Result "1/2-1/2"]
[WhiteElo "2051"]
[BlackElo "2213"]
[PlyCount "103"]
[EventDate "2015.01.17"]
[EventType "swiss"]
[EventRounds "9"]
[EventCountry "CZE"]
[Source "lmi"]
[SourceDate "2015.01.17"]

1. e4 e5 2. Nf3 Nc6 3. Bc4 Bc5 4. d3 Nf6 5. O-O d6 6. c3 a6 7. Nbd2 O-O 8. Bb3
Ba7 9. h3 h6 10. Re1 Nh5 11. Nf1 Qf6 12. Be3 Nf4 13. Bxa7 Rxa7 14. Ne3 Ne7 15.
Ng4 Qg6 16. Ne3 Nxh3+ 17. Kf1 Nf4 18. g3 Bh3+ 19. Kg1 Be6 20. Nh4 Qf6 21. Nhf5
Bxb3 22. axb3 Ne6 23. Qg4 Ng6 24. Nd5 Qg5 25. Qxg5 Nxg5 26. Kg2 Ne6 27. Rh1 Rd8
28. Rh2 Kf8 29. Rah1 c6 30. Nde3 Ne7 31. Nxe7 Kxe7 32. Nf5+ Kf8 33. d4 Raa8 34.
d5 Nc5 35. Kf3 cxd5 36. exd5 Nxb3 37. g4 f6 38. Nxh6 Nd2+ 39. Ke3 Nc4+ 40. Ke4
Nd2+ 41. Ke3 Nc4+ 42. Ke4 Nd2+ 43. Ke3 Nc4+ 44. Kd3 Nxb2+ 45. Kc2 gxh6 46. Rxh6
Kg7 47. Rh7+ Kg6 48. Kxb2 Kg5 49. R7h5+ Kxg4 50. R1h4+ Kf3 51. Rf5+ Ke2 52.
Rxf6 1/2-1/2

[Event "Open Marianske Lazne 2015 - C - open"]
[Site "Marianske Lazne CZE"]
[Date "2015.01.19"]
[Round "3.4"]
[White "German, Nikita"]
[Black "Monin, Nikolay"]
[Result "1-0"]
[WhiteElo "1935"]
[BlackElo "2200"]
[PlyCount "69"]
[EventDate "2015.01.17"]
[EventType "swiss"]
[EventRounds "9"]
[EventCountry "CZE"]
[Source "lmi"]
[SourceDate "2015.01.17"]

1. e4 e6 2. Nf3 d5 3. Nc3 Nf6 4. e5 Nfd7 5. d4 c5 6. dxc5 Nc6 7. Bf4 Bxc5 8.
Bd3 f6 9. exf6 Nxf6 10. Qe2 O-O 11. O-O-O a6 12. Ne5 Qe8 13. Nxc6 Qxc6 14. Be5
b5 15. g4 Ra7 16. g5 Nd7 17. Bg3 Nb6 18. Bxh7+ Kxh7 19. Qh5+ Kg8 20. g6 Rf5 21.
Qh7+ Kf8 22. Qh8+ Ke7 23. Qxg7+ Kd8 24. Qxa7 Nd7 25. g7 Bxa7 26. g8=Q+ Nf8 27.
Qg7 Qd7 28. Qh8 Qh7 29. Qxh7 Nxh7 30. Bh4+ Ke8 31. Rhe1 Kf7 32. Re2 Bc5 33. Bg3
Bd7 34. Re5 Rf6 35. Ne4 1-0

[Event "Open Marianske Lazne 2015 - C - open"]
[Site "Marianske Lazne CZE"]
[Date "2015.01.19"]
[Round "3.5"]
[White "Bartos, Jan"]
[Black "Antolak, Julia"]
[Result "1-0"]
[WhiteElo "2159"]
[BlackElo "1964"]
[PlyCount "103"]
[EventDate "2015.01.17"]
[EventType "swiss"]
[EventRounds "9"]
[EventCountry "CZE"]
[Source "lmi"]
[SourceDate "2015.01.17"]

1. d4 Nf6 2. c4 d6 3. Nc3 Nbd7 4. e4 g6 5. f3 e5 6. Nge2 Bg7 7. d5 Nb6 8. Be3
O-O 9. Ng3 Ne8 10. Qd2 Bf6 11. Bd3 Ng7 12. O-O Nd7 13. b4 Be7 14. Na4 f5 15.
exf5 gxf5 16. Bh6 Nb6 17. Nb2 c6 18. Qc2 Qd7 19. a4 cxd5 20. cxd5 Kh8 21. Qb3
Rb8 22. a5 Na8 23. Rac1 a6 24. Bb1 Qe8 25. Nc4 Bd7 26. Rf2 Qf7 27. Rd2 Rfc8 28.
Rdd1 Rg8 29. f4 e4 30. Ne3 Nh5 31. Nxh5 Rg6 32. Qb2+ Kg8 33. Bg5 Rxg5 34. fxg5
Qxh5 35. Qf2 Qxg5 36. g3 b6 37. axb6 Rxb6 38. Nc2 Bf6 39. Nd4 Rxb4 40. Ne6 Bxe6
41. dxe6 Qxc1 42. Rxc1 Bd4 43. Rc8+ Kg7 44. Qxd4+ Rxd4 45. e7 Nc7 46. Rxc7 Kf7
47. Ba2+ Ke8 48. Bg8 e3 49. Bxh7 Rg4 50. Bxf5 e2 51. Kf2 Rg5 52. g4 1-0

[Event "Open Marianske Lazne 2015 - C - open"]
[Site "Marianske Lazne CZE"]
[Date "2015.01.19"]
[Round "3.6"]
[White "Gasthofer, Viktor"]
[Black "Nowak, Kamil"]
[Result "1/2-1/2"]
[WhiteElo "2323"]
[BlackElo "1892"]
[PlyCount "75"]
[EventDate "2015.01.17"]
[EventType "swiss"]
[EventRounds "9"]
[EventCountry "CZE"]
[Source "lmi"]
[SourceDate "2015.01.17"]

1. Nf3 d5 2. g3 Nf6 3. Bg2 c6 4. O-O Bf5 5. d3 e6 6. Nbd2 Be7 7. Qe1 h6 8. e4
Bh7 9. Ne5 O-O 10. f4 Nbd7 11. Nxd7 Nxd7 12. Kh1 Bc5 13. Nb3 Bb6 14. Bd2 a5 15.
a4 Nc5 16. Nxc5 Bxc5 17. Qe2 Qb6 18. b3 Rfe8 19. Rae1 dxe4 20. Bxe4 Bxe4+ 21.
Qxe4 Bd4 22. Be3 Rad8 23. Bxd4 Rxd4 24. Qf3 Qc5 25. Rf2 Qd5 26. Kg2 g6 27. Re5
Qxf3+ 28. Kxf3 Rd5 29. Rfe2 Red8 30. R5e4 c5 31. Re5 Kf8 32. g4 Ke7 33. Rxd5
Rxd5 34. Re5 Kd6 35. Rxd5+ exd5 36. Ke3 d4+ 37. Ke4 f6 38. h3 1/2-1/2

[Event "Open Marianske Lazne 2015 - C - open"]
[Site "Marianske Lazne CZE"]
[Date "2015.01.19"]
[Round "3.7"]
[White "Bretsnajdr, Vladimir"]
[Black "Janska, Jitka"]
[Result "1/2-1/2"]
[WhiteElo "2288"]
[BlackElo "2021"]
[PlyCount "79"]
[EventDate "2015.01.17"]
[EventType "swiss"]
[EventRounds "9"]
[EventCountry "CZE"]
[Source "lmi"]
[SourceDate "2015.01.17"]

1. Nf3 d5 2. g3 Nf6 3. Bg2 c5 4. O-O Nc6 5. c4 d4 6. e3 g6 7. exd4 Nxd4 8. Nxd4
Qxd4 9. d3 Bg7 10. Nc3 Bg4 11. Qa4+ Bd7 12. Qc2 Bc6 13. Bxc6+ bxc6 14. Be3 Qd6
15. Bf4 Qd8 16. Qa4 Qb6 17. Rfe1 O-O 18. Qc2 Qd8 19. Rab1 Nd7 20. a3 e5 21. Be3
f5 22. Na4 Qe7 23. f4 Qd6 24. b4 cxb4 25. axb4 exf4 26. Bxf4 Ne5 27. Re3 Qd4
28. Kg2 Ng4 29. Re2 Be5 30. Bxe5 Nxe5 31. Qb2 Qxb2 32. Nxb2 Nf7 33. Ra1 Rfe8
34. Kf2 Rxe2+ 35. Kxe2 Re8+ 36. Kd2 Re7 37. Ra6 Ne5 38. d4 Nf3+ 39. Kd3 Rd7 40.
Na4 1/2-1/2

[Event "Open Marianske Lazne 2015 - C - open"]
[Site "Marianske Lazne CZE"]
[Date "2015.01.19"]
[Round "3.8"]
[White "Swicarz, Maciej"]
[Black "Kulas, Szymon"]
[Result "0-1"]
[WhiteElo "2276"]
[BlackElo "2015"]
[PlyCount "52"]
[EventDate "2015.01.17"]
[EventType "swiss"]
[EventRounds "9"]
[EventCountry "CZE"]
[Source "lmi"]
[SourceDate "2015.01.17"]

1. d4 Nf6 2. c4 g6 3. Nc3 Bg7 4. e4 d6 5. Nge2 O-O 6. Ng3 c5 7. d5 a6 8. f3 e6
9. a4 Ne8 10. Bd3 f5 11. dxe6 f4 12. Nd5 Qh4 13. e7 Rf7 14. Bxf4 Rxf4 15. Nb6
Bxb2 16. Rb1 Bc3+ 17. Ke2 Nc6 18. Nxa8 Nd4+ 19. Kf2 Bg4 20. Be2 Rxe4 21. fxe4
Nxe2 22. Qd5+ Kg7 23. Rhf1 Nf4 24. Qxb7 Qxh2 25. Nh1 Qxg2+ 26. Ke3 Qd2# 0-1

[Event "Open Marianske Lazne 2015 - C - open"]
[Site "Marianske Lazne CZE"]
[Date "2015.01.19"]
[Round "3.9"]
[White "Wozniak, Mariola"]
[Black "Shevchenko, Kirill"]
[Result "0-1"]
[WhiteElo "1983"]
[BlackElo "2247"]
[PlyCount "80"]
[EventDate "2015.01.17"]
[EventType "swiss"]
[EventRounds "9"]
[EventCountry "CZE"]
[Source "lmi"]
[SourceDate "2015.01.17"]

1. e4 c5 2. Nf3 d6 3. d4 cxd4 4. Nxd4 Nf6 5. Nc3 a6 6. f4 e5 7. Nf3 Nbd7 8. a4
Be7 9. Bd3 O-O 10. O-O Nc5 11. Kh1 exf4 12. Bxf4 Bg4 13. Qe1 Bh5 14. Nd4 Bg6
15. Bg5 d5 16. e5 Nxd3 17. cxd3 Nd7 18. Bxe7 Qxe7 19. Nf5 Qe6 20. Qf2 Bxf5 21.
Qxf5 Nxe5 22. d4 Nc6 23. Nxd5 Qxf5 24. Rxf5 Nxd4 25. Ne7+ Kh8 26. Rd5 Rad8 27.
Rf1 Rxd5 28. Nxd5 g6 29. Kg1 Rd8 30. Nc3 Kg7 31. Kf2 Ne6 32. Ke3 f5 33. Rc1 Kf6
34. Ne2 Ke5 35. g3 g5 36. Rc4 Rd1 37. h4 h6 38. Nc3 f4+ 39. Ke2 Rd4 40. Rc8
fxg3 0-1

[Event "Open Marianske Lazne 2015 - C - open"]
[Site "Marianske Lazne CZE"]
[Date "2015.01.19"]
[Round "3.10"]
[White "Nguyen, Thai Dai Van"]
[Black "Vacha, Jaroslav"]
[Result "1-0"]
[WhiteElo "2212"]
[BlackElo "1947"]
[PlyCount "37"]
[EventDate "2015.01.17"]
[EventType "swiss"]
[EventRounds "9"]
[EventCountry "CZE"]
[Source "lmi"]
[SourceDate "2015.01.17"]

1. e4 c5 2. Nf3 Nc6 3. d4 cxd4 4. Nxd4 Nf6 5. Nc3 e6 6. Ndb5 Bb4 7. a3 Bxc3+ 8.
Nxc3 d5 9. exd5 exd5 10. Bd3 Bg4 11. f3 Be6 12. O-O h6 13. Ne2 Qb6+ 14. Kh1 g5
15. b4 a6 16. Bb2 d4 17. Nxd4 Nxd4 18. Bxd4 Qd8 19. Be4 1-0

[Event "Open Marianske Lazne 2015 - C - open"]
[Site "Marianske Lazne CZE"]
[Date "2015.01.19"]
[Round "3.11"]
[White "Belurkar, Nitish"]
[Black "Najart, David"]
[Result "1/2-1/2"]
[WhiteElo "1967"]
[BlackElo "2154"]
[PlyCount "34"]
[EventDate "2015.01.17"]
[EventType "swiss"]
[EventRounds "9"]
[EventCountry "CZE"]
[Source "lmi"]
[SourceDate "2015.01.17"]

1. e4 c5 2. c3 d5 3. exd5 Qxd5 4. d4 Nc6 5. Nf3 Bf5 6. Be3 e6 7. Na3 cxd4 8.
Nb5 O-O-O 9. Nbxd4 Bc5 10. Qa4 Nge7 11. Bc4 Qe4 12. O-O Bxd4 13. Nxd4 Bh3 14.
gxh3 Qg6+ 15. Kh1 Qe4+ 16. Kg1 Qg6+ 17. Kh1 Qe4+ 1/2-1/2

[Event "Open Marianske Lazne 2015 - C - open"]
[Site "Marianske Lazne CZE"]
[Date "2015.01.19"]
[Round "3.12"]
[White "Millward, Kevin P"]
[Black "Grove, Michael"]
[Result "1-0"]
[WhiteElo "1964"]
[BlackElo "2081"]
[PlyCount "75"]
[EventDate "2015.01.17"]
[EventType "swiss"]
[EventRounds "9"]
[EventCountry "CZE"]
[Source "lmi"]
[SourceDate "2015.01.17"]

1. d3 d5 2. g3 e5 3. Bg2 Be6 4. Nf3 Nc6 5. a3 Be7 6. b4 Bf6 7. c3 a6 8. Qc2
Nge7 9. Ng5 Bc8 10. e4 d4 11. c4 h5 12. h4 Ng6 13. O-O Qe7 14. b5 Nd8 15. a4
Ne6 16. Nxe6 Bxe6 17. Nd2 Qd7 18. Nf3 Ne7 19. Bg5 Bh3 20. Kh2 Bg4 21. Qd2 Qd6
22. Rfc1 b6 23. a5 O-O 24. axb6 cxb6 25. bxa6 Nc6 26. Rcb1 Na7 27. Qb4 Qxb4 28.
Rxb4 Bxg5 29. hxg5 Bxf3 30. Bxf3 Rab8 31. Rab1 f5 32. exf5 Rxf5 33. Bd5+ Kf8
34. Kg2 Nc8 35. Be6 Rxg5 36. Bxc8 Rxc8 37. Rxb6 Ke7 38. Rb8 1-0

[Event "Open Marianske Lazne 2015 - C - open"]
[Site "Marianske Lazne CZE"]
[Date "2015.01.19"]
[Round "3.13"]
[White "Polak, Jiri"]
[Black "Fokin, Stanislav"]
[Result "1-0"]
[WhiteElo "1893"]
[BlackElo "2063"]
[PlyCount "105"]
[EventDate "2015.01.17"]
[EventType "swiss"]
[EventRounds "9"]
[EventCountry "CZE"]
[Source "lmi"]
[SourceDate "2015.01.17"]

1. e4 c6 2. d4 d5 3. exd5 cxd5 4. c4 Nf6 5. Nc3 e6 6. Nf3 Be7 7. cxd5 Nxd5 8.
Bd3 O-O 9. O-O Nc6 10. a3 Nf6 11. Re1 a6 12. Bc2 b5 13. Bg5 Bb7 14. Qd3 g6 15.
Rad1 Nd5 16. h4 Na5 17. Bh6 Nc4 18. Rb1 Bxh4 19. Nxh4 Qxh4 20. Bxf8 Rxf8 21.
Nxd5 Bxd5 22. Bb3 Qg5 23. f3 h5 24. Bxc4 bxc4 25. Qe3 Qg3 26. Qf2 Qc7 27. Re3
Kg7 28. Rc3 Qd6 29. Qe2 f6 30. Rxc4 Bxc4 31. Qxc4 Rd8 32. Rd1 Rd7 33. b4 Rc7
34. Qd3 Qg3 35. Qd2 h4 36. Rc1 Rxc1+ 37. Qxc1 h3 38. Qd2 Kf7 39. Kh1 Qxg2+ 40.
Qxg2 hxg2+ 41. Kxg2 Ke7 42. a4 Kd6 43. Kf2 g5 44. Ke3 Kd5 45. Kd3 f5 46. Ke3
Kc4 47. b5 axb5 48. a5 b4 49. a6 b3 50. a7 b2 51. a8=Q b1=Q 52. Qc6+ Kb3 53.
Qxe6+ 1-0

[Event "Open Marianske Lazne 2015 - C - open"]
[Site "Marianske Lazne CZE"]
[Date "2015.01.19"]
[Round "3.14"]
[White "Jennewein, Norbert"]
[Black "Jiruse, Josef"]
[Result "1/2-1/2"]
[WhiteElo "1851"]
[BlackElo "2045"]
[PlyCount "66"]
[EventDate "2015.01.17"]
[EventType "swiss"]
[EventRounds "9"]
[EventCountry "CZE"]
[Source "lmi"]
[SourceDate "2015.01.17"]

1. d4 Nf6 2. Nf3 d5 3. Bf4 c6 4. c3 Bf5 5. e3 e6 6. Nbd2 Nbd7 7. Be2 Be7 8. Nh4
Ne4 9. Nxf5 exf5 10. Nxe4 fxe4 11. h3 O-O 12. Qb3 b5 13. O-O Nb6 14. Qc2 Bd6
15. Bxd6 Qxd6 16. f4 a5 17. Rac1 Nc4 18. Bxc4 bxc4 19. b3 cxb3 20. axb3 Rfb8
21. Ra1 g6 22. Ra4 c5 23. Rfa1 cxd4 24. cxd4 Rc8 25. Qd2 Rab8 26. R1a3 Qc7 27.
Rxa5 Qc1+ 28. Qxc1 Rxc1+ 29. Kf2 Rc2+ 30. Kf1 Rc3 31. Ke2 Rbxb3 32. Rxb3 Rxb3
33. Rxd5 Rb2+ 1/2-1/2

[Event "Open Marianske Lazne 2015 - C - open"]
[Site "Marianske Lazne CZE"]
[Date "2015.01.19"]
[Round "3.15"]
[White "Gergel, Vladimir"]
[Black "Bublik, Frantisek"]
[Result "1-0"]
[WhiteElo "2232"]
[BlackElo "1783"]
[PlyCount "65"]
[EventDate "2015.01.17"]
[EventType "swiss"]
[EventRounds "9"]
[EventCountry "CZE"]
[Source "lmi"]
[SourceDate "2015.01.17"]

1. e4 c5 2. Nf3 d6 3. d4 cxd4 4. Nxd4 Nf6 5. Nc3 a6 6. h3 e6 7. g4 b5 8. g5
Nfd7 9. Bg2 Bb7 10. a3 Qc7 11. h4 Nc6 12. Nde2 O-O-O 13. Bf4 Nb6 14. Qd3 Ne5
15. Qg3 Ng6 16. Be3 Nc4 17. b3 Nxe3 18. Qxe3 Qc5 19. Qg3 h5 20. b4 Qb6 21. a4
Ne5 22. axb5 axb5 23. O-O Kd7 24. Ra5 Nc6 25. Rxb5 Qc7 26. Ra1 Ra8 27. Rxa8
Bxa8 28. Qe3 Be7 29. Rb6 Bb7 30. Na4 Ra8 31. Nec3 Ne5 32. Qd4 d5 33. exd5 1-0

[Event "Open Marianske Lazne 2015 - C - open"]
[Site "Marianske Lazne CZE"]
[Date "2015.01.19"]
[Round "3.16"]
[White "Svoboda, Frantisek"]
[Black "Eriksson, Christian Altenburg"]
[Result "0-1"]
[WhiteElo "1754"]
[BlackElo "2164"]
[PlyCount "72"]
[EventDate "2015.01.17"]
[EventType "swiss"]
[EventRounds "9"]
[EventCountry "CZE"]
[Source "lmi"]
[SourceDate "2015.01.17"]

1. Nf3 c5 2. c4 Nc6 3. b3 d6 4. e3 e5 5. d3 g6 6. Bb2 Bg7 7. Be2 Nge7 8. Nbd2
O-O 9. a3 a6 10. O-O Rb8 11. Qc2 b5 12. Rfb1 h6 13. Kh1 Kh7 14. h3 Be6 15. e4
f5 16. Rg1 Qd7 17. Kh2 f4 18. g4 fxg3+ 19. Rxg3 g5 20. Rag1 Ng6 21. Qd1 Nf4 22.
Qf1 Bf6 23. Bd1 Rg8 24. Bc3 Rg6 25. Ne1 h5 26. Rh1 Rh8 27. Kg1 Kg7 28. Rh2 Qc8
29. Kh1 g4 30. hxg4 hxg4 31. f3 Rxh2+ 32. Kxh2 Qh8+ 33. Kg1 Rh6 34. Kf2 Rh2+
35. Ke3 Qh6 36. fxg4 Nd5+ 0-1